| 000 | 01800nam a2200553 i 4500 | ||
|---|---|---|---|
| 001 | 56609 | ||
| 003 | KOSZ 005 | ||
| 005 | 20210910093657.0 | ||
| 008 | 141208s2007 pl a f f |001 0 pol | ||
| 015 | _aUWD 2015/7479 | ||
| 020 | _a839227976X | ||
| 020 | _a9788392279761 | ||
| 035 | _a991033170079705066 | ||
| 035 | _a(PL-WaBN)b3315370x-48omnis_nlop | ||
| 035 | _ab3315370x | ||
| 035 | _a(OCoLC)749792157 | ||
| 035 | _azz2007779105 | ||
| 035 | _a(PL)b0000003315370 | ||
| 035 | _a(EXLNZ-48OMNIS_NETWORK)9910381125705606 | ||
| 040 |
_aWA N _cWA N |
||
| 041 | 1 |
_apol _heng |
|
| 046 | _k2006 | ||
| 080 | _a(07) | ||
| 080 | _a7.05 | ||
| 100 | 1 |
_aSlack, Laura _eAutor |
|
| 245 | 1 | 0 |
_aCzym jest wzornictwo? : _bpodręcznik projektowania / _cLaura Slack ; [tł. Paulina Broma, Karolina Broma]. |
| 246 | 1 |
_iTyt. oryg.: _aWhat is product design?, _f2006 |
|
| 260 |
_aWarszawa : _bABE Dom Wydawniczy, _ccop. 2007. |
||
| 300 |
_a256 s. : _bil. kolor. ; _c22 cm. |
||
| 336 |
_aTekst _btxt _2rdacontent |
||
| 337 |
_aBez urządzenia pośredniczącego _bn _2rdamedia |
||
| 338 |
_aWolumin _bnc _2rdacarrier |
||
| 380 | _aKsiążki | ||
| 388 | _a2001- | ||
| 500 | _aOpis wg okł. | ||
| 504 | _aBibliogr., netogr. s. 248-250. Indeks. | ||
| 650 | 7 |
_aWzornictwo przemysłowe _2DBN |
|
| 650 | 7 | _aProjektowanie | |
| 655 | 7 |
_aPodręcznik _2DBN |
|
| 658 | _aInżynieria i technika | ||
| 658 | _aKultura i sztuka | ||
| 700 | 1 |
_aBroma-Smenda, Karolina _d(1985- ) _eTłumaczenie |
|
| 700 | 1 |
_aBroma Paulina _eTłumaczenie |
|
| 710 | 2 |
_aABE Dom Wydawniczy _4pbl |
|
| 856 |
_uhttp://koha.tu.koszalin.pl/cgi-bin/koha/opac-detail.pl?biblionumber=56609 _yKatalog online BPK |
||
| 942 |
_2UKD _cKS |
||
| 999 |
_c56609 _d56609 |
||